000 00574nam a22001697a 4500
999 _c57684
_d57684
005 20200908121519.0
008 200908b xxu||||| |||| 00| 0 geo d
020 _a9780999282946
080 _a004.724.2 R-83
100 _aRoughgarden, Tim
_99434
245 _aAlgorithms Illuminated :
_bPart 3. Greedy Algorithms and Dynamic Programming /
_cTim Roughgarden.
264 _aNew York :
_bSoundlikeyourself Publishing,
_c2019.
300 _a217 p.
_b23 cm.
653 _aალგორითმები
653 _aპროგრამირება
942 _2udc
_cBK